Представление документа в формате RUSMARC

ПолеНазваниеЗначение
  Тип записи a
  Библиографический уровень c
001 Контрольный номер RU/SLIB/B/208750813
005 Дата корректировки 20201206204130.6
010 Индекс ISBN __
d Цена 2-20
101 Язык документа __
a Язык текста rus
200 Заглавие и сведения об ответственности __
a Заглавие Сказания столетий: Эпос народов СССР
f Первые сведения об ответственности сост., авт. предисл.: Л. И. Климович, В. Н. Осокин
b Общее обозначение материала Текст
210 Выходные данные __
a Место издания М.
c Издательство Молодая гвардия
d Дата издания 1981
215 Физическое описание __
a Объем 431 с.
606 Тематические рубрики __
a Основная рубрика Фольклор
y Географическая подрубрика Россия; СССР
606 Тематические рубрики __
a Основная рубрика Фольклор России
610 Ключевые слова __
a Ключевые слова сказания; эпос
686 Индексы других классификаций __
a Классификационный индекс 82.3(2)-6; ст84.2(2)
702 Вторичная интеллектуальная ответственность __
a Фамилия Климович
b Имя Л. И.
4 Код отношения Составитель
702 Вторичная интеллектуальная ответственность _1
a Фамилия Осокин
b Имя В. Н.
4 Код отношения Составитель
801 Источник записи _0
a Страна RU
b Организация Муниципальное бюджетное учреждение культуры "Централизованная библиотечная система" г. Сургут (Центральная городская библиотека им. А. С. Пушкина)
g Правила каталогизации КиК/Елгина
801 Источник записи _1
a Страна RU
b Организация Муниципальное бюджетное учреждение культуры "Централизованная библиотечная система" г. Сургут (Центральная городская библиотека им. А. С. Пушкина)
g Правила каталогизации КиК/Елгина
852 Данные о местонахождении __
j Шифр хранения 82.3(2)-6
c Каталожный индекс 82.3(2)-6
i Авторский знак С 42
p Инвентарный номер 6630; 63687
901 Тип документа __
t Тип документа x
969 Тип издания __
a Тип издания сборник
990 Данные о заказе (DOS) __
j Количество экземпляров (DOS) 9